• 首页
  • 本馆介绍
  • 公告通知
  • 最新文献
  • 馆藏检索
  • 电子资源
  • 读者导购
  • 参考咨询
  • 我的图书馆
  • 登录
  • 详细信息显示
  • 放入我的书架
  • 预约/预借图书
  • 作者相关作品
  • 分类相关作品
  • 丛书相关作品
  • 出版社相关作品

书目信息

  • 表格格式
  • 工作单格式
  • 卡片格式
题名:
卡尔·马克思画传
    
 
作者: ;中共中央马恩列斯著作编译局 编
分册:  
出版信息: 北京   人民美术出版社  1983
页数: 195页
开本: 26cm
丛书名:
单 册:
中图分类: A716
科图分类:
主题词: 马克思--传记--画册
电子资源:
ISBN:
000 00708nam0 2200229 45
001 0183005892
005 20050517160020.0
010    @dCNY15.00
091    @a8047.8481
100    @a19950605d1983 mk y0chiy0121 ea
101 0  @achi
102    @aCN@b110000
105    @aa t 000yb
200 10 @a卡尔·马克思画传@Aka er ma ke si hua zhuan@e1981—1883@f中共中央马恩列斯著作编译局编@FZhong Gong Zhong Yang Ma En Lie Si Zhu Zuo Bian Yi Ju Bian
210    @a北京@c人民美术出版社@d1983
215    @a195页@d26cm
606 0  @a马克思@x传记@x画册
690    @aA716@v3
711 02 @a中共中央马恩列斯著作编译局@4编
801  0 @aCN@b上海图书馆@c20050516
801  2 @aCN@bNLC@c20050516
905    @f1@b257627@dA716@e81
    
    卡尔·马克思画传:1981—1883/中共中央马恩列斯著作编译局编.-北京:人民美术出版社,1983
    195页;26cm
    
    
    ISBN :CNY15.00
    
●
相关链接 在E读中查询图书 在五车中查询图书 在当当中查询图书 在豆瓣中查询图书


正题名:卡尔·马克思画传     索取号:A716/81         预约/预借

序号 登录号 条形码 馆藏地/架位号 状态 备注
1 0257627   000954328   第一样本阅览室/ [索取号:A716/81] 在馆    
唐山师范学院图书馆 欢迎您!
大连网信软件有限公司© 版权所有